Szczegóły MARC21

Kino wehikuł magiczny : przewodnik osiągnięć filmu fabularnego. [2], Podróż druga 1950-1959 /

003 -Nazwa inst., której nr kontr. jest w polu 001 [,]
    • @
    • Nazwa instytucji, której n kontrolny jest w polu 001
    • NUKAT
005 -DATA I CZAS OSTATNIEJ MODYFIKACJI [,]
    • @
    • pole kontrolne
    • 20241231110017.0
020 -Międzynarod. znormalizowany nr książki - ISBN [ , ]
    • a
    • Numer ISBN
    • 8308013775 Find
040 -Instytucja sporządzająca opis [ , ]
    • a
    • Instytucja, która sporządziła opis (NP)
    • LUBL KUL/SK
    • c
    • Instytucja, która sporządziła rekord (NP)
    • LUBL KUL/SK
    • d
    • Instytucja, która zmodyfikowała rekord (P)
    • LUBL KUL/SKs
    • d
    • Instytucja, która zmodyfikowała rekord (P)
    • LUBL M/JD
942 -Rodzaj dokumentu [ , ]
    • c
    • Rodzaj dokumentu
    • Książka
100 -Hasło główne - nazwa osobowa [1, ]
    • a
    • Nazwa osobowa (NP)
    • Garbicz, Adam
    • d
    • Daty biograficzne (NP)
    • (1943- ).
    • 9
    • KHW
    • 19562
245 -Strefa tytułu i oznaczenia odpowiedzialności [1,0]
    • a
    • Tytuł
    • Kino wehikuł magiczny : Find
    • b
    • Ciąg dalszy tytułu (NP)
    • przewodnik osiągnięć filmu fabularnego. Find
    • n
    • Oznaczenie części (P)
    • [2],
    • p
    • Nazwa części (P)
    • Podróż druga 1950-1959 /
    • c
    • Pozostałe elementy strefy tytułu i oznaczenia odpowiedzialności (NP)
    • Adam Garbicz, Jacek Klinowski.
260 -Strefa adresu wydawniczego [ , ]
    • a
    • Miejsce wydania (P)
    • Kraków :
    • b
    • Nazwa wydawcy (P)
    • Wydaw. Literackie,
    • c
    • Data wydania (P)
    • 1987.
300 -Strefa opisu fizycznego [ , ]
    • a
    • Określenie formy książki i/lub objętość (NP)
    • 476, [4] s. ;
    • c
    • Format (NP)
    • 25 cm.
336 -Typ zawartości [ , ]
    • a
    • Termin opisujący typ zawartości
    • Tekst
    • b
    • Kod określający zawartość
    • txt
    • 2
    • Źródło (terminu i kodu)
    • rdacontent
337 -Typ mediów [ , ]
    • a
    • Tryb odtwarzania
    • Bez urządzenia pośredniczącego
    • b
    • Kod typu mediów
    • n
    • 2
    • Źródło (terminu i kodu)
    • rdamedia
338 -Typ/rodzaj nośnika [ , ]
    • a
    • Hasło opisujące typ nośnika
    • Wolumin
    • b
    • Kod typu nośnika
    • nc
    • 2
    • Źródło (terminu i kodu)
    • rdacarrier
504 -Uwaga dot. bibliogr. załącznikowej [ , ]
    • a
    • Uwaga dot. bibliografii załącznikowej
    • Indeksy.
650 -Hasło przedmiotowe [ ,7]
    • a
    • Hasło przedmiotowe
    • Recenzje filmowe
    • z
    • Określnik geograficzny
    • Polska
    • y
    • Określnik chronologiczny
    • 1945-1970.
    • 2
    • Źródło terminu
    • kaba
    • 9
    • KHW
    • 400500
700 -Hasło dodatkowe - nazwa osobowa [1, ]
    • a
    • Nazwa osobowa (NP)
    • Klinowski, Jacek Find
    • d
    • Daty biograficzne (NP)
    • (1943- ).
    • 9
    • KHW
    • 240037
710 -Hasło dodatkowe - nazwa ciała zbiorowego [2, ]
    • a
    • Nazwa ciała zbiorowego lub nazwa geograficzna jako pierwszy element (NP)
    • Wydawnictwo Literackie.
    • 4
    • Kod relacji
    • pbl
    • 9
    • KHW
    • 53605
920 -ISBN [ , ]
    • a
    • ISBN
    • 83-08-01377-5 Find
Numer inwentarzowy Obwoluta Sygnatura Status udost. Lokalizacja Data inwentaryzacji
Z.68165  1BG 
P.266521POL. Film 141BM2018-08-23
ANS.166260 77.5/G-181BNS